| 000 | 00724nam a22001577a 4500 | ||
|---|---|---|---|
| 003 | OSt | ||
| 005 | 20161118111536.0 | ||
| 008 | 160517b xxu||||| |||| 00| 0 eng d | ||
| 040 | _cRUA | ||
| 082 | _aAGR RA 2011 B430 Or.1 | ||
| 100 |
_911288 _aRA YANITH; រ៉ា យ៉ានិត |
||
| 245 | _aMicrofinance service on livelihood improvement in Thpong district, Kampong speu province; ការប្រើប្រាស់សេវាឥទានជនបទក្នុងការពង្រីកមុខរបររបស់ប្រជាជន នៅស្រុកថ្ពង ខេត្តកំពង់ស្ពឺ | ||
| 260 |
_aPhnom Penh _bRUA _c2015 |
||
| 300 |
_axv;73p. _bill. _c29cm. |
||
| 942 |
_2ddc _cNRM |
||
| 999 |
_c8000 _d8000 |
||